header

This land is our land (Record no. 47021)

MARC details
000 -LEADER
fixed length control field 02065nam a2200409 a 4500
082 04 - DEWEY DECIMAL CLASSIFICATION NUMBER
Classification number 305.8/009759/381
245 00 - TITLE STATEMENT
Title This land is our land
260 ## - PUBLICATION, DISTRIBUTION, ETC. (IMPRINT)
Place of publication Berkeley :
Name of publisher University of California Press,
Year of publication c2003.
300 ## - PHYSICAL DESCRIPTION
Number of Pages viii, 192 p.
505 0# - FORMATTED CONTENTS NOTE
Formatted contents note Becoming American : it's not a one-way street -- Competing elites : Cuban power, Anglo conversion, and frustrated African Americans -- Working in the USA : ethnic segregation and bureaucratizing interaction -- Just comes and cover-ups : African Americans and Haitians in high school -- Making it work : interaction, power, and accommodation in inter-ethnic relations.
650 #0 - SUBJECT ADDED ENTRY--TOPICAL TERM
Topical Term Immigrants
Topical Term Minorities
Topical Term Cuban Americans
Topical Term Elite (Social sciences)
Topical Term Power (Social sciences)
Topical Term Ethnic conflict
700 1# - ADDED ENTRY--PERSONAL NAME
Personal name Stepick, Alex.
856 40 - ELECTRONIC LOCATION AND ACCESS
Uniform Resource Identifier http://site.ebrary.com/lib/rucke/Doc?id=10062299

No items available.

© 2026 Rongo University
Contact us: librarian | system librarian | Rongo university